000 00288nam a22001337a 4500
008 170401b xxu||||| |||| 00| 0 eng d
020 _a42740
041 _aeng
080 _a574
100 _a9
101 _ashm
245 _aCOMMUNITIES AND ECOSYSTEMS
_cWHITTAKER,R.H
942 _2udc
_cBK
999 _c9449
_d9449